000 00682nam a2200289Ia 4500
005 20260324134450.0
008 008 260324s9999 xx 000 0 eng d
020 _a9781351197793
037 _aEBOOK
040 _aCRL
040 _beng
040 _cCRL
041 _2eng
041 _aeng
084 _qCRL
100 _aCelia Britton
_91196919
245 0 _aRace and the Unconscious
245 0 _bFreudianism in French Caribbean Thought
260 _bTaylor and Francis
260 _c2002
365 _a
365 _b180
856 _uhttp://www.taylorfrancis.com/books/9781351197793
942 _cEBOOK
999 _c1797055
_d1797055